Τεχνικές κρυπτογράφησης υλικού : μεταπτυχιακή διατριβή
Στις μέρες μας, οι περισσότερες εταιρίες σχεδίασης ηλεκτρονικών ψηφιακών κυκλωμάτων δεν διαθέτουν ιδιόκτητο εργοστάσιο παραγωγής των κυκλωμάτων τους. Αυτό συμβαίνει εξαιτίας του υψηλού κόστους κατασκευής και συντήρησης των εργοστασίων αυτών. Έτσι τα σχέδια των κυκλωμάτων αποστέλλονται σε εξωτερικά ε...
Saved in:
| Main Author: | |
|---|---|
| Corporate Author: | |
| Format: | Thesis Book |
| Language: | Greek |
| Published: |
2016.
|
| Subjects: | |
| Online Access: | http://hdl.handle.net/11610/23236 |
| Tags: |
Add Tag
No Tags, Be the first to tag this record!
|
MARC
| LEADER | 00000cam a2200000 a 4500 | ||
|---|---|---|---|
| 001 | 1/113113 | ||
| 008 | 170216s2016####gr | ||| |||| ||gre|| | ||
| 040 | |a GR-MyUa |b gre |c GR-MyUa |e AACR2 | ||
| 041 | 0 | |a gre | |
| 082 | 7 | |a 005.8 |2 (23) | |
| 100 | 1 | |a Καρούσος, Νικόλαος. | |
| 245 | 1 | 0 | |a Τεχνικές κρυπτογράφησης υλικού : |b μεταπτυχιακή διατριβή / |c Νικόλαος Καρούσος ; επιβλέπων καθηγητής Μανόλης Καλλίγερος. |
| 260 | |c 2016. | ||
| 300 | |a 50 σ. : |b σχέδια, εικ. ; |c 30 εκ. | ||
| 500 | |a Μέλη της εξεταστικής επιτροπής: Σκιάνης, Χαράλαμπος, Βουγιούκας, Δημοσθένης, Καλλίγερος, Εμμανουήλ. | ||
| 502 | |a Διατριβή (μεταπτυχιακή) - Πανεπιστήμιο Αιγαίου, Σάμος, 2016. | ||
| 504 | |a Βιβλιογραφία: σ. 50. | ||
| 506 | 0 | |a Διάθεση πλήρους κειμένου - Ελεύθερη πρόσβαση. | |
| 520 | 8 | |a Στις μέρες μας, οι περισσότερες εταιρίες σχεδίασης ηλεκτρονικών ψηφιακών κυκλωμάτων δεν διαθέτουν ιδιόκτητο εργοστάσιο παραγωγής των κυκλωμάτων τους. Αυτό συμβαίνει εξαιτίας του υψηλού κόστους κατασκευής και συντήρησης των εργοστασίων αυτών. Έτσι τα σχέδια των κυκλωμάτων αποστέλλονται σε εξωτερικά εργοστάσια, τα οποία και τα κατασκευάζουν. Αυτός ο τρόπος σχεδίασης και παραγωγής των κυκλωμάτων έχει δυστυχώς δημιουργήσει μία σειρά από «επιθέσεις» στο υλικό. Για τον λόγο αυτόν πρέπει οι εταιρίες σχεδίασης να λαμβάνουν μέτρα προστασίας των κυκλωμάτων τους, πριν τα στείλουν για παραγωγή σε κάποιο μη έμπιστο εργοστάσιο. Στο πρώτο κεφάλαιο αυτής της εργασίας θα περιγράψουμε αναλυτικά το συγκεκριμένο πρόβλημα και θα αναφέρουμε διάφορες τεχνικές αντιμετώπισής του. Μία κατηγορία τέτοιων τεχνικών είναι και αυτή της κρυπτογράφησης υλικού (logic encryption). Στο δεύτερο κεφάλαιο θα περιγράψουμε διεξοδικά την πιο αποδοτική μέθοδο της βιβλιογραφίας για κρυπτογράφηση ψηφιακών κυκλωμάτων, με χρήση πυλών XOR και XNOR. Στο τρίτο κεφάλαιο θα περιγράψουμε τα προγράμματα και τα εργαλεία που θα χρησιμοποιήσουμε για να υλοποιήσουμε τη συγκεκριμένη μέθοδο καθώς και άλλες που προτείνονται στην παρούσα διπλωματική. Στη συνέχεια, στο τέταρτο κεφάλαιο θα εξηγήσουμε τη διαδικασία υλοποίησης των διαφόρων μεθόδων. Στα υπόλοιπα κεφάλαια, πέμπτο, έκτο, έβδομο και όγδοο, θα εξετάσουμε νέες εναλλακτικές τεχνικές, που έχουν σαν στόχο τη μείωση του αριθμού των απαιτούμενων πυλών κρυπτογράφησης ενός κυκλώματος ή την επίτευξη μεγαλύτερου ποσοστού εσφαλμένων εξόδων του κυκλώματος με τον ίδιο αριθμό πυλών κρυπτογράφησης. Τέλος, στο ένατο κεφάλαιο θα συγκρίνουμε όλες τις μεθόδους και θα εξάγουμε συμπεράσματα. | |
| 650 | 0 | |a Dissertations, Academic |z Greece. | |
| 650 | 0 | |a Computer security. | |
| 700 | 1 | |a Καλλίγερος, Εμμανουήλ , |e dgs | |
| 710 | 2 | |a Πανεπιστήμιο Αιγαίου. |b Σχολή Θετικών Επιστημών. |b Τμήμα Μηχανικών Πληροφοριακών και Επικοινωνιακών Συστημάτων. |b Π.Μ.Σ. Τεχνολογίες και Διοίκηση Πληροφοριακών και Επικοινωνιακών Συστημάτων. | |
| 852 | |a INST |b SAMOS |c DIATR |e 20170216 |h 005.8 ΚΑΡ |p 005300044359 |q 005300044359 |t MTXE |y 23 | ||
| 856 | |u http://hdl.handle.net/11610/23236 | ||
| 924 | |a Καρούσος |b Νικόλαος |y Σάμος |z 2016-05 | ||
| 970 | |a Κοσιέρης |b Χρήστος |z 16-02-2017 | ||